| 000 | 00437nam a2200133Ia 4500 | ||
|---|---|---|---|
| 008 | 230917s9999||||xx |||||||||||||| ||und|| | ||
| 040 |
_e197815 _aMAIN |
||
| 041 | _aEnglish | ||
| 082 | _a370 S22C | ||
| 100 | _aSwatantra Kumar | ||
| 245 | 0 | _aComparative study of attitudes of teachers in Govt. senior secondary schools and private senior secondary schools og Gurgaon district towards teaching profession | |
| 300 | _a70 p. | ||
| 942 | _cTH | ||
| 999 |
_c88504 _d88504 |
||